Štúdium vplyvu metanolu, etanolu a zložiek mobilnej fázy na tvorbu asociačných komplexov diazepámu metódou HPLC NMR

Gespeichert in:
Bibliographische Detailangaben
1. Verfasser: Mikulášiková, Katarína
Format: Software Buch
Sprache:Slowakisch
Veröffentlicht: Bratislava STU FCHPT 2009
Online-Zugang:Im OPAC anzeigen
Tags: Tag hinzufügen
Keine Tags, Fügen Sie das erste Tag hinzu!

MARC

LEADER 00000nam a2200000 a 4500
005 20260127134129.0
007 co |gu
008 091001 2009 xo 000 0 slo d
035 |a vtls009955596 
039 9 |y 200910011012  |z mschk03 
040 |a STUSCHK1  |b slo  |c STUSCHK1  |e AACR2 
100 1 |a Mikulášiková, Katarína 
245 1 |a Štúdium vplyvu metanolu, etanolu a zložiek mobilnej fázy na tvorbu asociačných komplexov diazepámu metódou HPLC NMR  |c Katarína Mikulášiková 
260 |a Bratislava  |b STU FCHPT  |c 2009 
300 |a 1 elektronický disk 
500 |a Obháj.: 13.7. 2009 
500 |a Študijný program: chémia a medicínska chémia 
500 |a Študijný odbor: 4.1.14 chémia 
500 |a Fakulta chemickej a potravinárskej technológie, Odd. analytickej chémie 
500 |a Bakalárska práca na CD-ROMe 
910 |a SCHK95 
999 |c 4780  |d 4780